000 nam a22 a 4500
999 _c385076
_d385076
003 BLK
005 20220304115317.0
008 200825b bu |||||||||| 00| | bu d
040 _aBLK
041 _aBUL
_cBUL
080 _aКомунистически партии. Вж и 327.323
_b329.15
_xБКП(497.215)(062)
_z329.15 БКП(497.215)(062)
139 _aРусенски измерения на четиридесетте свободни години
_bР 95
245 1 0 _aРусенски измерения на четиридесетте свободни години
_b1944 - 1984
_h[Малотир. изд.]
257 _aBGR
260 _aРусе
_bОК на БКП
_c1984
_9216690
300 _a82 с.
_c22 см
380 _a3
653 7 _9195843
_aРусе
653 7 _9192649
_aобщински конференции
653 7 _9182091
_aБКП
852 _bК
_cК 329/Р 95
856 4 _qpdf
_u
856 4 _qpdf
_u
942 _cKNG
_n0
_s1
944 _aCR
_c2022-03-04
_kВП
999 _d385076